Mesa redonda "¿Qué sabes de Erasmus?" [ (Record no. 4346)

MARC details
000 -LEADER
campo de control de longitud fija 01408nkm a2200313 i 4500
001 - NÚMERO DE CONTROL
campo de control 4346
003 - IDENTIFICADOR DE NÚMERO DE CONTROL
campo de control ES-MaACL
005 - FECHA Y HORA DE LA ÚLTIMA TRANSACCIÓN
campo de control 20250713063022.0
007 - CAMPO FIJO DE DESCRIPCIÓN FÍSICA--INFORMACIÓN GENERAL
campo de control de longitud fija khrbo
008 - DATOS DE LONGITUD FIJA--INFORMACIÓN GENERAL
campo de control de longitud fija 070710s1988 sp --- g |001||spa d
100 0# - ENTRADA PRINCIPAL--NOMBRE DE PERSONA
Nombre de persona Alfonso,
Fechas asociadas al nombre 1902-1990
9 (RLIN) 19858
245 10 - MENCIÓN DEL TÍTULO
Título Mesa redonda "¿Qué sabes de Erasmus?" [
Medio Fotografía] /
Mención de responsabilidad, etc. Alfonso (sello).
260 ## - PUBLICACIÓN, DISTRIBUCIÓN, ETC.
Lugar de publicación, distribución, etc. [S.l. :
Nombre del editor, distribuidor, etc. s.n.],
Fecha de publicación, distribución, etc. 1988.
300 ## - DESCRIPCIÓN FÍSICA
Extensión 2 fot. :
Otras características físicas b. y n. ;
Dimensiones 12 x 18 cm.
500 ## - NOTA GENERAL
Nota general Datos basados en invitación.
511 0# - NOTA DE PARTICIPANTES O INTÉRPRETES
Nota de participantes o intérpretes Intervienen: Gustavo Villapalos, Rafael Portaencasa, Cayetano López, Antonio Rodríguez, Manuel Gala; modera: Carmela Barcia.
518 ## - NOTA DE FECHA/HORA Y LUGAR DE UN ACONTECIMIENTO
Nota de fecha/hora y lugar de un acontecimiento Acto organizado por el Ateneo de Madrid en colaboración con los Estados Generales de los Estudiantes de Europa, celebrado en el salón de actos el martes, 31 de mayo de 1988, a las 19:00 h.
600 14 - PUNTO DE ACCESO ADICIONAL DE MATERIA--NOMBRE DE PERSONA
Nombre de persona Villapalos Salas, Gustavo,
Fechas asociadas al nombre 1949-2021
9 (RLIN) 115059
600 14 - PUNTO DE ACCESO ADICIONAL DE MATERIA--NOMBRE DE PERSONA
Nombre de persona Portaencasa Baeza, Rafael.
9 (RLIN) 93186
600 14 - PUNTO DE ACCESO ADICIONAL DE MATERIA--NOMBRE DE PERSONA
Nombre de persona López, Cayetano.
9 (RLIN) 73318
600 14 - PUNTO DE ACCESO ADICIONAL DE MATERIA--NOMBRE DE PERSONA
Nombre de persona Rodríguez, Antonio.
9 (RLIN) 98211
600 14 - PUNTO DE ACCESO ADICIONAL DE MATERIA--NOMBRE DE PERSONA
Nombre de persona Gala Muñoz, Manuel.
9 (RLIN) 53277
600 14 - PUNTO DE ACCESO ADICIONAL DE MATERIA--NOMBRE DE PERSONA
Nombre de persona Barcia, Carmela.
9 (RLIN) 25539
610 24 - PUNTO DE ACCESO ADICIONAL DE MATERIA--NOMBRE DE ENTIDAD CORPORATIVA
Nombre de entidad corporativa o nombre de jurisdicción como elemento de entrada Ateneo de Madrid-
Subdivisión general Actos culturales-
Subdivisión cronológica 1988-
Subdivisión de forma Fotografías.
9 (RLIN) 1903
710 2# - ENTRADA AGREGADA--NOMBRE DE ENTIDAD CORPORATIVA
Nombre de entidad corporativa o nombre de jurisdicción como elemento de entrada Ateneo de Madrid.
9 (RLIN) 1875
852 ## - LOCALIZACIÓN
Ubicación ES-MaACL
Número de control de estantería FOT 160/1988
856 4# - LOCALIZACIÓN Y ACCESO ELECTRÓNICOS
Identificador Uniforme de Recursos <a href="http://www.ateneodemadrid.net/biblioteca_digital/imagenes/1988/0160-1988.jpg">http://www.ateneodemadrid.net/biblioteca_digital/imagenes/1988/0160-1988.jpg</a>
Nota pública Ver imagen
Holdings
Estatus retirado Estado de pérdida Estado de daño No para préstamo Colección Biblioteca de origen Biblioteca actual Ubicación en estantería Fecha de adquisición Fuente de adquisición Total de préstamos Signatura topográfica completa Código de barras Visto por última vez Precio de reemplazo Tipo de ítem Koha
        Colección digital Biblioteca del Ateneo de Madrid Biblioteca del Ateneo de Madrid Depósito Z 17/01/2008     FOT 160/1988 1004409 23/02/2023 23/02/2023 Fotografía